Equipos que hayan ganado la Champions 2000-2024 - Estadísticas

Estadísticas generales
  • Esta prueba ha sido intentada 99 veces
    28 desde el último reinicio
  • La puntuación promedio es 24 de 25
Estadísticas de respuestas
Años Respuesta % Correcto
2006 Barcelona
100%
2009 Barcelona
100%
2015 Barcelona
100%
2012 Chelsea
100%
2021 Chelsea
100%
2011 Barcelona
100%
2023 Manchester City
100%
2008 Manchester United
100%
2003 Milan
100%
2007 Milan
100%
2000 Real Madrid
100%
2002 Real Madrid
100%
2014 Real Madrid
100%
2016 Real Madrid
100%
2017 Real Madrid
100%
2018 Real Madrid
100%
2022 Real Madrid
100%
2024 Real Madrid
100%
2001 Bayern Munich
96%
2013 Bayern Munich
96%
2020 Bayern Munich
96%
2005 Liverpool
96%
2019 Liverpool
96%
2004 Oporto
91%
2010 Inter Milan
78%
No se encontraron pruebas coincidentes
Distribución de puntuación
Porcentaje de gente con cada puntuación
Porcentaje por número respondido
Historial de tus puntuaciones
No has intentado esta prueba desde el último reinicio